[Event "Rhoen/Bad Bocklet Seniors op-B 5th"]
[Site "Bad Bocklet"]
[Date "2004.11.19"]
[Round "2"]
[White "Burckhardt, Karl"]
[Black "Otto, Guenter"]
[Result "1-0"]
[WhiteElo "1824"]
[BlackElo "1684"]
[PlyCount "67"]
[EventDate "2004.07.09"]
[EventType "swiss"]
[EventRounds "9"]
[EventCountry "GER"]
[SourceTitle "EXT 2006"]
[Source "ChessBase"]
[SourceDate "2005.11.24"]
[SourceVersion "1"]
[SourceVersionDate "2005.11.24"]
[SourceQuality "1"]

1. e4 e5 2. d4 exd4 3. c3 d5 4. exd5 Qxd5 5. cxd4 Nc6 6. Nf3 Nf6 7. Nc3 Bb4 8. a3 Bxc3+ 9. bxc3 0-0 10. Be2 Re8 11. 0-0 Bg4 12. h3 Bh5 13. Be3 Rad8 14. Rb1 b6 15. Re1 h6 16. Qa4 Na5 17. c4 Qd7 18. Qxd7 Rxd7 19. Ne5 Rde7 20. g4 Bg6 21. Nxg6 fxg6 22. Bd3 Kf7 23. Kf1 Ne4 24. Rec1 Nb7 25. c5 g5 26. Bc4+ Kf8 27. Bd5 Na5 28. cxb6 axb6 29. Bxe4 Rxe4 30. Rxc7 Rb8 31. Bd2 Ra8 32. Rxb6 Rxd4 33. Bxa5 Re8 34. Bb4+ 1-0

[Event "Rhoen Seniors-B 4th"]
[Site "Bad Bocklet"]
[Date "2003.11.11"]
[Round "6"]
[White "Schreiber, Guenter"]
[Black "Otto, Guenter"]
[Result "0-1"]
[WhiteElo "1723"]
[BlackElo "1726"]
[PlyCount "74"]
[EventDate "2003.11.??"]
[EventType "swiss"]
[EventRounds "9"]
[EventCountry "GER"]
[SourceTitle "EXT 2006"]
[Source "ChessBase"]
[SourceDate "2005.11.24"]
[SourceVersion "1"]
[SourceVersionDate "2005.11.24"]
[SourceQuality "1"]

1. e4 e6 2. f4 b6 3. Nf3 Bb7 4. d3 d5 5. e5 c5 6. Be2 Ne7 7. 0-0 Nf5 8. g4 Ne7 9. Be3 Nbc6 10. a3 Qc7 11. Bf2 g6 12. Nc3 a6 13. Qd2 Bg7 14. h3 h5 15. g5 Nf5 16. Nh4 Ncd4 17. Nxf5 Nxf5 18. h4 0-0 19. Bf3 Rfd8 20. Qe2 Rac8 21. Rac1 a5 22. Kg2 Bc6 23. b3 Bf8 24. a4 Qb7 25. Kh3 Ng7 26. Rfe1 Qc7 27. Bg3 Nf5 28. Bf2 Qb7 29. Rg1 Ng7 30. Rg2 Nf5 31. Re1 c4 32. bxc4 Bb4 33. cxd5 exd5 34. Nb5 Bxe1 35. Bxe1 d4 36. Rf2 Bxf3 37. Rxf3 Rxc2 0-1

[Event "Rhoen Seniors-B 4th"]
[Site "Bad Bocklet"]
[Date "2003.11.10"]
[Round "5"]
[White "Otto, Guenter"]
[Black "Gerull, Dietrich"]
[Result "1-0"]
[WhiteElo "1726"]
[BlackElo "1649"]
[PlyCount "41"]
[EventDate "2003.11.??"]
[EventType "swiss"]
[EventRounds "9"]
[EventCountry "GER"]
[SourceTitle "EXT 2006"]
[Source "ChessBase"]
[SourceDate "2005.11.24"]
[SourceVersion "1"]
[SourceVersionDate "2005.11.24"]
[SourceQuality "1"]

1. e4 e6 2. d4 d5 3. Nc3 Nf6 4. Bg5 Bb4 5. e5 h6 6. exf6 hxg5 7. fxg7 Rg8 8. Qh5 Qf6 9. Nf3 Nc6 10. Bb5 Bd7 11. 0-0 Bxc3 12. bxc3 Qxg7 13. Bxc6 Bxc6 14. Ne5 Rh8 15. Qe2 Ba4 16. c4 Qh7 17. h3 Bxc2 18. cxd5 Be4 19. Ng4 Qf5 20. dxe6 fxe6 21. Qxe4 1-0